[Event "Titled Tuesday intern op 12th Sep Early"]
[Site "Chess.com INT"]
[Date "2023.09.12"]
[Round "6"]
[White "Valenzuela Gomez, Fernando Alberto"]
[Black "Khromkin, Andrey"]
[Result "1-0"]
[WhiteElo "2404"]
[BlackElo "2191"]
[PlyCount "99"]
[EventDate "2023.09.12"]
[EventType "swiss (blitz)"]
[EventRounds "11"]
[EventCountry "USA"]
[SourceTitle "EXT 2024"]
[Source "ChessBase"]
[SourceDate "2023.10.10"]
[SourceVersion "1"]
[SourceVersionDate "2023.10.10"]
[SourceQuality "1"]

1. e4 c5 2. Nf3 Nc6 3. d4 cxd4 4. Nxd4 g6 5. c4 Bg7 6. Be3 Nf6 7. Nc3 Ng4 8. Qxg4 Nxd4 9. Qd1 Ne6 10. Rc1 Qa5 11. Qd2 b6 12. Be2 Bb7 13. f3 f5 14. exf5 gxf5 15. 0-0 f4 16. Bf2 Qg5 17. Rcd1 d6 18. h4 Qh6 19. Nd5 Rg8 20. Rfe1 Be5 21. Bf1 Qh5 22. Qe2 Kf7 23. b4 Rg6 24. c5 bxc5 25. bxc5 Rag8 26. cxd6 exd6 27. Qe4 Rg3 28. Bxg3 Rxg3 29. Rb1 Bxd5 30. Qxd5 Bd4+ 31. Qxd4 Nxd4 32. Rb7+ Kf6 33. Ree7 Nxf3+ 34. Kf2 Ne5 35. Rxh7 Rf3+ 36. gxf3 Qxf3+ 37. Ke1 Qe3+ 38. Kd1 Qd4+ 39. Kc1 Qc3+ 40. Kd1 Nc4 41. Rhf7+ Ke5 42. Rbe7+ Kd5 43. Bg2+ Kc5 44. Rc7+ Kb4 45. Rb7+ Ka5 46. Rxa7+ Kb4 47. Rfb7+ Kc5 48. Rc7+ Kd4 49. Rxc4+ Qxc4 50. Ra3 1-0

[Event "Titled Tuesday intern op 12th Sep Early"]
[Site "Chess.com INT"]
[Date "2023.09.12"]
[Round "11"]
[White "Valenzuela Gomez, Fernando Alberto"]
[Black "Liu, Casper Yukun"]
[Result "1/2-1/2"]
[WhiteElo "2404"]
[BlackElo "2278"]
[PlyCount "50"]
[EventDate "2023.09.12"]
[EventType "swiss (blitz)"]
[EventRounds "11"]
[EventCountry "USA"]
[SourceTitle "EXT 2024"]
[Source "ChessBase"]
[SourceDate "2023.10.10"]
[SourceVersion "1"]
[SourceVersionDate "2023.10.10"]
[SourceQuality "1"]

1. e4 c5 2. Nf3 d6 3. Nc3 Nf6 4. d4 cxd4 5. Nxd4 Nc6 6. Bg5 Bd7 7. Nxc6 Bxc6 8. Bxf6 gxf6 9. Qd2 h5 10. 0-0-0 Bh6 11. f4 Qa5 12. Kb1 0-0-0 13. Bc4 e6 14. Bb3 f5 15. Qe3 Kb8 16. Rhe1 fxe4 17. Nxe4 Qf5 18. Nxd6 Qxf4 19. Qxf4 Bxf4 20. Nxf7 Rxd1+ 21. Rxd1 Rf8 22. Bxe6 Bxh2 23. b3 h4 24. Rd2 Bf4 25. Re2 Re8 1/2-1/2

[Event "Titled Tuesday intern op 05th Sep Late"]
[Site "Chess.com INT"]
[Date "2023.09.05"]
[Round "10"]
[White "Castella Garcia, Fausto"]
[Black "Valenzuela Gomez, Fernando Alberto"]
[Result "0-1"]
[WhiteElo "2320"]
[BlackElo "2404"]
[PlyCount "130"]
[EventDate "2023.09.05"]
[EventType "swiss (blitz)"]
[EventRounds "11"]
[EventCountry "USA"]
[SourceTitle "EXT 2024"]
[Source "ChessBase"]
[SourceDate "2023.10.10"]
[SourceVersion "1"]
[SourceVersionDate "2023.10.10"]
[SourceQuality "1"]

1. e4 e5 2. Nf3 Nc6 3. Bb5 a6 4. Ba4 Nf6 5. d4 exd4 6. 0-0 Be7 7. Re1 0-0 8. e5 Nd5 9. Nxd4 Nxd4 10. Qxd4 Nb6 11. Bb3 c5 12. Qe4 d5 13. exd6 Bxd6 14. Bf4 Bxf4 15. Qxf4 Be6 16. Bxe6 fxe6 17. Qg4 Kh8 18. Nc3 Qf6 19. Ne4 Qf5 20. Qxf5 Rxf5 21. Nd6 Rd5 22. Rxe6 h6 23. Nf7+ Kg8 24. Rxb6 Kxf7 25. Rxb7+ Kg6 26. Re1 Rd2 27. h4 Rxc2 28. Re6+ Kh7 29. Ree7 Rg8 30. h5 c4 31. g4 c3 32. bxc3 Rxc3 33. Kg2 Ra3 34. f4 Rxa2+ 35. Kg3 Ra3+ 36. Kh4 Ra1 37. g5 Rh1+ 38. Kg4 hxg5 39. fxg5 Rg1+ 40. Kf5 Rf8+ 41. Ke6 Re1+ 42. Kd7 Rxe7+ 43. Kxe7 Rf5 44. h6 Rxg5 45. Ra7 g6 46. Kf6+ Kxh6 47. Rxa6 Rf5+ 48. Ke6 Rb5 49. Kf6 Rf5+ 50. Ke6 Rf1 51. Ke5 Kh5 52. Ke4 g5 53. Ke3 Rf7 54. Ke2 g4 55. Ra8 Kh4 56. Rh8+ Kg3 57. Rg8 Kh3 58. Rh8+ Kg2 59. Ke1 g3 60. Rg8 Kh2 61. Rh8+ Kg1 62. Rg8 g2 63. Rh8 Rf5 64. Ke2 Re5+ 65. Kf3 Kf1 0-1

[Event "Titled Tuesday intern op 05th Sep Early"]
[Site "Chess.com INT"]
[Date "2023.09.05"]
[Round "1"]
[White "De Souza, Arthur Olintho"]
[Black "Valenzuela Gomez, Fernando Alberto"]
[Result "0-1"]
[WhiteElo "2113"]
[BlackElo "2404"]
[PlyCount "52"]
[EventDate "2023.09.05"]
[EventType "swiss (blitz)"]
[EventRounds "11"]
[EventCountry "USA"]
[SourceTitle "EXT 2024"]
[Source "ChessBase"]
[SourceDate "2023.10.10"]
[SourceVersion "1"]
[SourceVersionDate "2023.10.10"]
[SourceQuality "1"]

1. e4 e5 2. Nf3 Nc6 3. Bb5 a6 4. Ba4 Nf6 5. d3 b5 6. Bb3 Bc5 7. 0-0 d6 8. h3 h6 9. c3 0-0 10. a4 Bb7 11. d4 Bb6 12. axb5 axb5 13. Rxa8 Qxa8 14. Re1 exd4 15. cxd4 Na5 16. Bc2 Nxe4 17. Qd3 Re8 18. Qxb5 Bc6 19. Qd3 Nf6 20. Rxe8+ Qxe8 21. Nc3 Bxf3 22. Qxf3 Bxd4 23. Bxh6 gxh6 24. Nd5 Nxd5 25. Qxd5 Qe1+ 26. Kh2 Qe5+ 0-1

[Event "Titled Tuesday intern op 05th Sep Late"]
[Site "Chess.com INT"]
[Date "2023.09.05"]
[Round "3"]
[White "Novikova, Galina"]
[Black "Valenzuela Gomez, Fernando Alberto"]
[Result "0-1"]
[WhiteElo "2073"]
[BlackElo "2404"]
[PlyCount "112"]
[EventDate "2023.09.05"]
[EventType "swiss (blitz)"]
[EventRounds "11"]
[EventCountry "USA"]
[SourceTitle "EXT 2024"]
[Source "ChessBase"]
[SourceDate "2023.10.10"]
[SourceVersion "1"]
[SourceVersionDate "2023.10.10"]
[SourceQuality "1"]

1. e4 e5 2. Nf3 Nc6 3. d4 exd4 4. Nxd4 Bc5 5. Nb3 Bb6 6. Nc3 Qf6 7. Qe2 Nge7 8. Be3 d6 9. 0-0-0 Bd7 10. g3 0-0-0 11. Bg2 h5 12. Bxb6 axb6 13. Kb1 h4 14. f4 Kb8 15. Bf3 g5 16. Nd5 Nxd5 17. exd5 Ne7 18. Rhe1 Rde8 19. Qd2 hxg3 20. hxg3 Ng6 21. Be4 gxf4 22. Bxg6 fxg6 23. gxf4 Ref8 24. Rf1 Rh5 25. Nd4 Rxd5 26. Qe3 Re8 27. Qc3 Qf7 28. b3 c5 29. Nf3 Rxd1+ 30. Rxd1 Qxf4 31. Nd2 d5 32. Rf1 Qe5 33. Qd3 Bf5 34. Qb5 Rd8 35. Nf3 Qc7 36. Ng5 Bd7 37. Qe2 Bf5 38. Qf2 d4 39. Re1 d3 40. cxd3 Rxd3 41. Kc1 Rd8 42. Ne6 Bxe6 43. Rxe6 Qd7 44. Qe2 g5 45. Qe5+ Qc7 46. Qxc7+ Kxc7 47. Rg6 Rd5 48. Kc2 Rf5 49. Kc3 b5 50. a4 bxa4 51. Kc4 a3 52. Rg7+ Kc6 53. Rg6+ Kc7 54. Rg7+ Kb8 55. Kb5 a2 56. Kb6 Rf6+ 0-1